New Horizons of (Record no. 519234)
[ view plain ]
| 000 -LEADER | |
|---|---|
| fixed length control field | 00338nam a22001097a 4500 |
| 082 ## - DEWEY DECIMAL CLASSIFICATION NUMBER | |
| Classification number | PKP B3 B469n/2020 |
| 100 ## - MAIN ENTRY--PERSONAL NAME | |
| Personal name | Bhattacharya, Mohit |
| 9 (RLIN) | 29921 |
| 245 ## - TITLE STATEMENT | |
| Title | New Horizons of |
| Remainder of title | Public Administration |
| Statement of responsibility, etc | by Mohit Bhattacharya |
| 260 ## - PUBLICATION, DISTRIBUTION, ETC. (IMPRINT) | |
| Place of publication, distribution, etc | New Delhi |
| Name of publisher, distributor, etc | Jawahar Publication |
| Date of publication, distribution, etc | 2020 |
| 300 ## - PHYSICAL DESCRIPTION | |
| Extent | 417p. |
| 650 ## - SUBJECT ADDED ENTRY--TOPICAL TERM | |
| Topical term or geographic name as entry element | Public administration |
| 9 (RLIN) | 29922 |
| Withdrawn status | Lost status | Source of classification or shelving scheme | Damaged status | Koha normalized classification for sorting | Not for loan | Permanent location | Current location | Date acquired | Full call number | Barcode | Date last seen | Price effective from | Koha item type | Shelving location |
|---|---|---|---|---|---|---|---|---|---|---|---|---|---|---|
| PKP_B3_B469N2020 | Indian Institute of Public Administration | Indian Institute of Public Administration | 2022-02-16 | PKP B3 B469n\2020 | 88724 | 2022-02-16 | 2022-02-16 | Book | ||||||
| PKP_B3_B469N2020C_2_000000000000000 | Indian Institute of Public Administration | Indian Institute of Public Administration | 2022-05-26 | PKP B3 B469n\2020\c.2 | 88802 | 2022-05-26 | 2022-05-26 | Book | On Display | |||||
| B_3_000000000000000_B469N2020 | Indian Institute of Public Administration | Indian Institute of Public Administration | 2023-04-10 | B3 B469n\2020 | 88853 | 2023-04-10 | 2023-04-10 | Book | On Display |
